00505 a2200157 450000500170000001000150001702000310003203500140006303700130007708200120009010000240010224500860012626000450021227000680025730000220032520211227102112.0 aENG-130647 a978-0190--121-143c1295.00 aEN-114179 bDBAD/PUB a338.927 aSengupta, Ramprasad aEntropy Law, Sustainability, and Third Industrial Revolution:cRamprasad Sengupta aNew DelhibOxford University Pressc2020 a22 Workspace, 2nd Floor, 1/22, Asaf Ali RoadbNew Delhie110002 a272p.c22cm (hbk)